[Event "38th Olympiad"]
[Site "Dresden GER"]
[Date "2008.11.22"]
[Round "9"]
[White "Mammadov,R"]
[Black "Vuckovic,Bo"]
[Result "0-1"]
[WhiteElo "2121"]
[BlackElo "2561"]
[EventDate "2008.11.13"]

1. e4 c6 2. d4 d5 3. Nd2 dxe4 4. Nxe4 Bf5 5. Ng3 Bg6 6. Nf3 Nd7 7. h4 h6 8.
h5 Bh7 9. Bd3 Bxd3 10. Qxd3 e6 11. Bd2 Ngf6 12. O-O-O Be7 13. Qe2 O-O 14.
Nf1 Nb6 15. Kb1 Na4 16. Ka1 c5 17. Bc1 Qc7 18. g4 Rad8 19. g5 hxg5 20. Nxg5
cxd4 21. Rg1 Rd5 22. h6 g6 23. Ng3 Nc5 24. h7+ Kh8 25. f4 Qd6 26. Qh2 d3
27. c4 Rd4 28. Qh6 d2 29. Bxd2 Rxd2 30. Rxd2 Qxd2 31. f5 Qd8 32. fxg6 fxg6
33. Qxg6 Qe8 34. Qc2 Nfd7 35. N3e4 Nxe4 36. Nxe4 Qf7 37. a3 Bf6 38. Qg2 Qg7
39. Qf2 Qe7 40. Nxf6 Nxf6 41. Qxa7 e5 42. Qe3 Nxh7 43. Rh1 Rf5 44. Qe4 Qf7
45. Qd3 Kg7 46. Qh3 Qg6 47. c5 Nf6 48. Rc1 Qg4 49. Qh1 Qf3 50. Rg1+ Kf7 51.
Qh8 Qc6 52. Qg7+ Ke6 53. Rd1 Qxc5 54. Qxb7 e4 55. Qb3+ Rd5 56. Re1 Qf2 57.
Qh3+ Ke7 58. Qc3 Qc5 59. Qb3 Qb5 60. Qc2 Qd3 61. Qc7+ Rd7 62. Qf4 Qc2 63.
Ka2 Rd1 64. Qe5+ Kf7 65. Rxd1 Qxd1 66. Qc7+ Ke6 67. b3 Qd2+ 0-1

[Event "38th Olympiad"]
[Site "Dresden GER"]
[Date "2008.11.22"]
[Round "9"]
[White "Fedorov,Alex"]
[Black "Markos,J"]
[Result "0-1"]
[WhiteElo "2584"]
[BlackElo "2557"]
[EventDate "2008.11.13"]

1. e4 c5 2. Nf3 Nc6 3. d4 cxd4 4. Nxd4 Nf6 5. Nc3 e5 6. Ndb5 d6 7. Bg5 a6
8. Na3 b5 9. Nd5 Be7 10. Bxf6 Bxf6 11. c4 b4 12. Nc2 O-O 13. Be2 Bg5 14.
O-O Qa5 15. b3 Qc5 16. a3 bxa3 17. b4 Qa7 18. Rxa3 Ne7 19. Nde3 Bxe3 20.
Rxe3 Qc7 21. Qd2 Bb7 22. f3 f5 23. Rd1 fxe4 24. fxe4 Rad8 25. Bd3 Ng6 26.
g3 Qb6 27. Kg2 Kh8 28. Re2 Ne7 29. Rf2 Ng8 30. Rdf1 Rxf2+ 31. Rxf2 Qc7 32.
Qg5 Re8 33. Ne3 Nf6 34. Qh4 Qd8 35. Nd5 Bxd5 36. cxd5 Rf8 37. g4 a5 38.
bxa5 Qxa5 39. g5 Nd7 40. Be2 Qd8 41. Bg4 Rxf2+ 42. Kxf2 Qf8+ 43. Bf3 Qf4
44. Qg3 Qd2+ 45. Kg1 Nc5 46. Qg4 Qc1+ 47. Kg2 Nd3 48. h4 Nf4+ 49. Kf2 Qc5+
50. Kf1 Qc7 51. Qf5 Kg8 52. Kf2 Qd8 53. Bg4 Qb6+ 54. Ke1 Qb1+ 55. Kd2 Qb2+
56. Kd1 Qb3+ 57. Kd2 Qb7 58. Kc3 Qc7+ 59. Kb3 Qd8 60. h5 g6 61. hxg6 hxg6
62. Qc8 Qxc8 63. Bxc8 Nd3 64. Kc4 Nc5 65. Kb5 Kf7 66. Bf5 gxf5 67. exf5 e4
68. Kc4 e3 69. g6+ Kf6 70. Kc3 Ne4+ 71. Kd3 Ng3 72. Kd4 0-1

[Event "38th Olympiad"]
[Site "Dresden GER"]
[Date "2008.11.22"]
[Round "9"]
[White "Ibrayev,N"]
[Black "Stellwagen,D"]
[Result "1/2-1/2"]
[WhiteElo "2448"]
[BlackElo "2605"]
[EventDate "2008.11.13"]

1. d4 d5 2. c4 c6 3. Nf3 Nf6 4. e3 Bg4 5. Qb3 Qb6 6. Ne5 Bf5 7. cxd5 Qxb3
8. axb3 Nxd5 9. Bd2 f6 10. Nd3 Nd7 11. Nc3 e5 12. Nxd5 cxd5 13. Bc3 Bd6 14.
Ra5 Be6 15. Be2 b6 16. Ra2 e4 17. Nf4 Bf7 18. Bb5 g5 19. Ne2 Ke7 20. Ng3
Be6 21. O-O a5 22. f3 f5 23. fxe4 fxe4 24. Nf5+ Bxf5 25. Rxf5 Nf6 26. Rxg5
Rag8 27. Rxg8 Rxg8 28. h3 Nh5 29. Ra1 Ng3 30. Be1 Rc8 31. Bc3 h5 32. Rc1 h4
33. Kf2 Rf8+ 34. Ke1 Nh1 35. Kd1 Rc8 36. Be1 Rxc1+ 37. Kxc1 Ng3 38. Kd1 Bb4
39. Bc3 Ke6 40. Ba6 Kd6 41. Bb5 1/2-1/2

[Event "38th Olympiad"]
[Site "Dresden GER"]
[Date "2008.11.22"]
[Round "9"]
[White "Pavasovic,D"]
[Black "Lie,K"]
[Result "1-0"]
[WhiteElo "2597"]
[BlackElo "2526"]
[EventDate "2008.11.13"]

1. e4 c5 2. c3 g6 3. d4 cxd4 4. cxd4 d5 5. e5 Bg7 6. h3 Nc6 7. Nc3 f6 8. f4
Nh6 9. g4 fxe5 10. fxe5 O-O 11. Bg2 e6 12. Nf3 Bd7 13. Be3 Rc8 14. Qd2 Nf7
15. O-O Na5 16. b3 Qb6 17. h4 Rc7 18. Rac1 Rfc8 19. h5 gxh5 20. gxh5 Be8
21. Bh3 Qc6 22. h6 Bf8 23. Kh1 Nd8 24. Nh4 Bg6 25. Nxg6 hxg6 26. Ne2 Qb5
27. h7+ Kxh7 28. Rxc7+ Rxc7 29. Rxf8 Nac6 30. Bg5 Nf7 31. Qf4 Kg7 32. Bh6+
Kh7 33. Rxf7+ Rxf7 34. Qxf7+ Kxh6 35. Nf4 1-0

[Event "38th Olympiad"]
[Site "Dresden GER"]
[Date "2008.11.22"]
[Round "9"]
[White "Hassan,Ab"]
[Black "Khamrakulov,I"]
[Result "1-0"]
[WhiteElo "2287"]
[BlackElo "2580"]
[EventDate "2008.11.13"]

1. d4 Nf6 2. Nf3 e6 3. e3 c5 4. Bd3 b6 5. O-O Bb7 6. c4 cxd4 7. exd4 Be7 8.
Nc3 O-O 9. d5 h6 10. Bc2 exd5 11. cxd5 Bb4 12. d6 Na6 13. Nb5 Bc6 14. Nfd4
Re8 15. a3 Bc5 16. b4 Bxd4 17. Nxd4 Be4 18. Nf5 Bxf5 19. Bxf5 b5 20. Bb2
Nb8 21. Qf3 Nc6 22. Bxf6 gxf6 23. Qg3+ Kh8 24. Qh3 Kg7 25. Bxd7 Ne5 26.
Bxe8 Qxe8 27. Rad1 Rd8 28. Rfe1 Qc6 29. Qg3+ Kh7 30. Qf4 Rg8 31. Qe4+ Qxe4
32. Rxe4 Kg6 33. d7 Rd8 34. f4 Kf5 35. Rdd4 Nc6 36. g4+ Kxg4 37. Re8 Nxd4
38. Rxd8 Kf5 39. Re8 Nc6 40. d8=Q Nxd8 41. Rxd8 Kxf4 42. Ra8 1-0

[Event "38th Olympiad"]
[Site "Dresden GER"]
[Date "2008.11.22"]
[Round "9"]
[White "Nokes,R"]
[Black "Mchedlishvili,M"]
[Result "0-1"]
[WhiteElo "2293"]
[BlackElo "2615"]
[EventDate "2008.11.13"]

1. e4 c6 2. d4 d5 3. e5 Bf5 4. c4 e6 5. Nc3 Ne7 6. a3 Nd7 7. Nge2 dxc4 8.
Ng3 b5 9. Bg5 Qb6 10. Be2 Bg6 11. h4 h6 12. Be3 Nd5 13. h5 Bh7 14. Qd2 Be7
15. O-O O-O 16. Bg4 Kh8 17. f4 Nxe3 18. Qxe3 Nc5 19. Kh1 Nd3 20. b3 Rad8
21. bxc4 bxc4 22. Nce2 c5 23. dxc5 Bxc5 24. Qf3 Nf2+ 25. Kh2 Rd3 0-1

[Event "38th Olympiad"]
[Site "Dresden GER"]
[Date "2008.11.22"]
[Round "9"]
[White "Vajda,Le"]
[Black "Mitkov,N1"]
[Result "1-0"]
[WhiteElo "2582"]
[BlackElo "2556"]
[EventDate "2008.11.13"]

1. e4 e5 2. Nf3 Nc6 3. Bb5 Nf6 4. O-O Nxe4 5. d4 Nd6 6. Bxc6 dxc6 7. dxe5
Nf5 8. Qxd8+ Kxd8 9. Nc3 Bd7 10. b3 h6 11. Bb2 Kc8 12. Rad1 b6 13. Ne2 Ne7
14. Nf4 Bg4 15. e6 fxe6 16. Rfe1 Bxf3 17. gxf3 Nf5 18. Ng6 Rg8 19. Rxe6 Bd6
20. h4 a5 21. a4 Kb7 22. Re4 Rad8 23. Rd3 Bc5 24. Rf4 Rxd3 25. cxd3 Ne7 26.
h5 Nc8 27. Kg2 Nd6 28. Be5 Bb4 29. Kh3 b5 30. Kg4 Kb6 31. Rf8 Rxf8 32. Nxf8
Ne8 33. Ne6 c5 34. Nxg7 Nd6 35. Nf5 Nf7 36. Bg7 bxa4 37. bxa4 Bd2 38. f4 c4
39. dxc4 Kc5 40. Nxh6 Nd6 41. Nf5 Nf7 42. h6 Kxc4 43. h7 Kd5 44. Nh6 Nxh6+
45. Bxh6 Bc3 46. Kf5 1-0

[Event "38th Olympiad"]
[Site "Dresden GER"]
[Date "2008.11.22"]
[Round "9"]
[White "Banikas,H"]
[Black "Kosic,D"]
[Result "0-1"]
[WhiteElo "2572"]
[BlackElo "2511"]
[EventDate "2008.11.13"]

1. Nf3 Nf6 2. c4 c5 3. Nc3 Nc6 4. g3 d5 5. cxd5 Nxd5 6. Bg2 Nc7 7. O-O e5
8. d3 Be7 9. Nd2 O-O 10. Nc4 f6 11. f4 exf4 12. gxf4 Nd4 13. e3 Nc6 14. f5
Ne5 15. Qh5 Rb8 16. Nxe5 fxe5 17. Be4 Rf6 18. Bd2 Bd7 19. Be1 Rh6 20. Qf3
Bh4 21. Kh1 b6 22. Rg1 Qf6 23. Bd2 Kh8 24. Raf1 Qe7 25. Bd5 Rd6 26. e4 b5
27. Bb3 c4 28. Bc2 Bc6 29. Be3 b4 30. Nd1 b3 31. axb3 cxd3 32. Bb1 Rdd8 33.
Rg4 Rxb3 34. Ba2 Rb4 35. Bc5 Bxe4 36. Bxe7 Bxf3+ 37. Rxf3 Bxe7 38. Rxb4
Bxb4 39. Re3 Ne8 40. Rxe5 Nf6 41. Kg2 d2 42. Bb3 h5 43. Nf2 Kh7 44. Bd1 Rd4
45. Kf3 Bd6 46. Re6 Bxh2 47. Ke3 Rd5 48. Ne4 Bg1+ 49. Kf4 Rd4 50. Kf3 Nxe4
51. Rxe4 Rd5 52. Kf4 Bb6 53. Re7 Rd6 54. Re6 Rd4+ 55. Ke5 Rd8 56. Kf4 h4
57. Kg5 h3 58. Re2 Bg1 59. Re4 Rd4 60. Re8 h2 61. Bh5 Rg4+ 0-1

[Event "38th Olympiad"]
[Site "Dresden GER"]
[Date "2008.11.22"]
[Round "9"]
[White "Stojanovic,Da"]
[Black "Frhat,A"]
[Result "1-0"]
[WhiteElo "2455"]
[BlackElo "2418"]
[EventDate "2008.11.13"]

1. e4 c5 2. Nf3 Nc6 3. d4 cxd4 4. Nxd4 Nf6 5. Nc3 d6 6. f3 e6 7. Be3 Be7 8.
Qd2 O-O 9. O-O-O d5 10. Qe1 e5 11. Nxc6 bxc6 12. exd5 Nxd5 13. Bc4 Be6 14.
Ne4 Qc7 15. Bc5 a5 16. a4 Rfd8 17. Qf2 Rab8 18. Bxe7 Qxe7 19. Qc5 Qb7 20.
b3 h6 21. Qxa5 Ra8 22. Qc5 Rdb8 23. Rhe1 Kh8 24. a5 f6 25. a6 Rxa6 26. Bxa6
Qxa6 27. Kb2 Nb6 28. Ra1 Na4+ 29. Rxa4 Qxa4 30. Qd6 Qb4 31. Qxb4 Rxb4 32.
Nc5 Bf7 33. c4 Rb8 34. Kc3 Ra8 35. Re2 Kg8 36. Rd2 Be8 37. Ne6 Kf7 38. Nc7
Rc8 39. Nxe8 Kxe8 40. b4 Ke7 41. c5 h5 42. Rd6 h4 43. Kc4 f5 44. h3 Rc7 45.
b5 cxb5+ 46. Kxb5 Ra7 47. Rd2 Rb7+ 48. Kc6 Rb3 49. Kd5 Rc3 50. Ra2 Kf6 51.
Ra6+ Kg5 52. c6 Rc2 53. Kxe5 Re2+ 54. Kd6 Rd2+ 55. Ke6 Re2+ 56. Kd7 Rd2+
57. Kc8 Rxg2 58. c7 Kf4 59. Kd7 Rd2+ 60. Rd6 1-0

[Event "38th Olympiad"]
[Site "Dresden GER"]
[Date "2008.11.22"]
[Round "9"]
[White "Abdel Razik,K"]
[Black "Bogut,Z"]
[Result "1-0"]
[WhiteElo "2406"]
[BlackElo "2464"]
[EventDate "2008.11.13"]

1. d4 g6 2. c4 Bg7 3. e4 d6 4. Nc3 Nf6 5. Be2 O-O 6. Bg5 h6 7. Be3 e5 8. d5
a5 9. h4 h5 10. f3 c6 11. Nh3 Bxh3 12. Rxh3 cxd5 13. cxd5 Nbd7 14. Na4 b6
15. Bb5 Nc5 16. Bc6 Rb8 17. Nc3 Nh7 18. a3 f5 19. b4 Nd7 20. Kd2 Ndf6 21.
Qc2 fxe4 22. Rg3 exf3 23. Qxg6 Rf7 24. gxf3 Qe7 25. Rag1 axb4 26. axb4 Kh8
27. Bg5 Rbf8 28. Kc2 Qa7 29. Kb3 b5 30. Nxb5 Qf2 31. Qc2 Ng4 32. Qxf2 Nxf2
33. Nxd6 Rxf3+ 34. Rxf3 Rxf3+ 35. Ka4 Nh3 36. Rh1 Nf2 37. Rf1 Nxg5 38. hxg5
Rf4 39. Nb7 Bf8 40. d6 Kg7 41. Nd8 Nd3 42. Ne6+ Kf7 43. Nxf4 Nxf4 44. Rd1
Ne6 45. d7 Nd8 46. Be4 Be7 47. g6+ Kg7 48. b5 Ne6 49. Rd5 Kf6 50. b6 Nd8
51. Rd1 h4 52. Rg1 Kg7 53. b7 Nxb7 54. Bxb7 h3 55. Be4 1-0

[Event "38th Olympiad"]
[Site "Dresden GER"]
[Date "2008.11.22"]
[Round "9"]
[White "Irwanto,S"]
[Black "Pelletier,Y"]
[Result "0-1"]
[WhiteElo "2441"]
[BlackElo "2557"]
[EventDate "2008.11.13"]

1. d4 Nf6 2. Nf3 d5 3. c4 c6 4. Nc3 e6 5. Bg5 Nbd7 6. e3 Qa5 7. Nd2 Bb4 8.
Qc2 O-O 9. Be2 e5 10. O-O exd4 11. Nb3 Qb6 12. exd4 dxc4 13. Bxc4 a5 14. a4
Qc7 15. h3 h6 16. Bh4 Nb6 17. Bd3 Nbd5 18. Bc4 Qf4 19. Bg3 Bf5 20. Bd3 Bxd3
21. Qxd3 Qg5 22. f4 Qg6 23. f5 Qg5 24. Rf3 Rfe8 25. Be5 Rad8 26. Rg3 Qh4
27. Qf3 Bd6 28. Qf2 Kh8 29. Bxd6 Rxd6 30. Nd2 Ne7 31. Nf3 Qf4 32. Ne5 Qxf2+
33. Kxf2 Kg8 34. Nc4 Rxd4 35. Nxa5 Nxf5 36. Rf3 Nh4 37. Rg3 Nf5 38. Rf3 Nh4
39. Rg3 Rd2+ 40. Kf1 Rxb2 41. Rb1 Ree2 42. Nc4 Rf2+ 43. Ke1 Rxb1+ 44. Kxf2
Rb4 45. Nd6 Rb2+ 46. Kf1 b6 47. Nc4 Rb4 48. Ne5 Nf5 49. Rd3 Nd4 50. g4 c5
51. h4 Ne6 52. Rd6 Ne4 53. Nxe4 Rxe4 54. Nd7 Rxa4 55. g5 Rxh4 56. g6 Rd4
57. gxf7+ Kxf7 0-1

[Event "38th Olympiad"]
[Site "Dresden GER"]
[Date "2008.11.22"]
[Round "9"]
[White "Farid,F"]
[Black "Hug,W"]
[Result "1-0"]
[WhiteElo "2154"]
[BlackElo "2448"]
[EventDate "2008.11.13"]

1. e4 e6 2. d4 d5 3. Nc3 Bb4 4. e5 c5 5. a3 Bxc3+ 6. bxc3 Ne7 7. Qg4 cxd4
8. Qxg7 Rg8 9. Qxh7 Nbc6 10. Nf3 Qa5 11. Rb1 Bd7 12. Rxb7 Qxc3+ 13. Kd1 a6
14. Bd3 Na5 15. Rb4 Qc7 16. Ng5 Rf8 17. Qg7 Bb5 18. Rxb5 axb5 19. Nh7 O-O-O
20. Nxf8 Nf5 21. Bxf5 exf5 22. e6 d3 23. cxd3 d4 24. Bd2 Nb3 25. Qxf7 1-0

[Event "38th Olympiad"]
[Site "Dresden GER"]
[Date "2008.11.22"]
[Round "9"]
[White "Atlas,V"]
[Black "Sulskis,S"]
[Result "1/2-1/2"]
[WhiteElo "2465"]
[BlackElo "2572"]
[EventDate "2008.11.13"]

1. e4 c6 2. d4 d5 3. e5 Bf5 4. Be3 e6 5. Nd2 Nd7 6. f4 h5 7. Be2 h4 8. Ngf3
Nh6 9. Nb3 Be7 10. O-O Rc8 11. c3 Bg6 12. Qe1 a5 13. Nc1 Kf8 14. b4 a4 15.
a3 Nb6 16. Nd2 Kg8 17. Bf2 Bf5 18. Nd3 Nc4 19. Nxc4 dxc4 20. Nb2 b5 21. h3
Bg6 22. Bf3 Nf5 23. Nd1 Bh5 24. Be4 Bg6 25. Ra2 Rh6 26. Rd2 Rc7 27. Bf3 Bf8
28. Ne3 Nxe3 29. Bxe3 Bf5 30. Kh2 Qc8 31. Rg1 Rd7 32. Rf2 Be7 33. Rb2 Kf8
34. Bf2 Rd5 35. Bg4 Ke8 36. Qe2 Kd7 37. Qf3 Kc7 38. Re1 Kb7 39. Rbe2 Ka6
40. Rb2 Qg8 41. Rbe2 Kb7 42. Bg1 Qh7 43. Bxf5 Qxf5 44. Qe4 Rh5 45. Qxf5
Rxf5 46. Be3 Rd8 47. Rf2 Kc7 48. Rf3 Kd7 49. Kg1 Rh8 50. Ref1 Rhh5 51. R1f2
Rh6 52. Kf1 f6 53. Bd2 Ke8 54. Be3 Kf7 55. Bd2 Rh8 56. Ke2 Rfh5 57. Bc1 Rg8
58. Kf1 Bd8 59. Bd2 Bc7 60. Bc1 Kg6 61. Bd2 Rf8 62. Ke2 Kf5 63. Re3 Rh6 64.
Rff3 Kg6 65. Rf2 Rh5 66. Ref3 Kf7 67. Bc1 Bd8 68. Bd2 Rg8 69. Bc1 g6 70.
Bd2 Be7 71. Be3 Bf8 72. Bd2 Bh6 73. Be3 Ra8 74. Bd2 Rd8 75. Be3 Rf5 76. Rf1
Rg8 77. R1f2 Bf8 78. Rf1 Be7 79. R1f2 Rh5 80. Kf1 Bd8 81. Bd2 Bb6 82. Be3
Bc7 83. Bd2 Rf5 84. Ke2 Rf8 85. Be3 Kg7 86. Bd2 Rf7 87. Be3 Rf8 88. Bd2 Kf7
89. Be3 Ra8 90. Bd2 Bd8 91. Be3 Be7 92. Bd2 Ra6 93. Be3 Ra8 94. Bd2 Rd8 95.
Be3 Rd5 96. Rf1 Rd8 97. R1f2 Rg8 98. Bd2 Ke8 99. Be3 Kd7 100. Bd2 Rh5 101.
Kf1 Kc8 102. Be3 Kc7 103. Bd2 Kd7 104. Be3 Ra8 105. Bd2 Rg8 106. Be3 Ke8
1/2-1/2

[Event "38th Olympiad"]
[Site "Dresden GER"]
[Date "2008.11.22"]
[Round "9"]
[White "Zagorskis,D"]
[Black "Neubauer,M"]
[Result "1/2-1/2"]
[WhiteElo "2509"]
[BlackElo "2422"]
[EventDate "2008.11.13"]

1. Nf3 g6 2. d4 Nf6 3. c4 Bg7 4. g3 O-O 5. Bg2 c5 6. O-O cxd4 7. Nxd4 d5 8.
cxd5 Nxd5 9. Nb5 a6 10. N5c3 Nxc3 11. Nxc3 Nc6 12. Be3 Be6 13. Qa4 Qc7 14.
Nd5 Qe5 15. Nf4 Bf5 16. Nd3 Qb5 17. Bxc6 bxc6 18. Qc2 Bxd3 19. exd3 Qxb2
20. Rac1 Rfd8 21. Rfd1 Rab8 22. Qc4 Bd4 23. Rc2 Qb6 24. Bxd4 Rxd4 25. Qxc6
Qxc6 26. Rxc6 Ra4 27. Rc2 Rb5 28. h4 Kg7 29. Kf1 Rba5 30. Rdd2 e5 31. Rb2
h5 32. Ke2 Kf6 33. Ke3 Rb5 34. Rxb5 axb5 35. Rc2 b4 36. Rc4 Ke6 37. a3 Rxa3
1/2-1/2

[Event "38th Olympiad"]
[Site "Dresden GER"]
[Date "2008.11.22"]
[Round "9"]
[White "Khouseinov,R"]
[Black "Escobar Forero,A"]
[Result "0-1"]
[WhiteElo "2348"]
[BlackElo "2482"]
[EventDate "2008.11.13"]

1. e4 c5 2. c4 e6 3. Nc3 Nc6 4. g3 g6 5. Bg2 Bg7 6. Nge2 Nge7 7. O-O O-O 8.
d3 a6 9. a3 Rb8 10. Rb1 Nd4 11. b4 d6 12. Bg5 Bd7 13. Qd2 b5 14. Rfc1 Re8
15. Bf4 Rb6 16. Kh1 Bc8 17. cxb5 axb5 18. bxc5 dxc5 19. Nxd4 cxd4 20. Nxb5
e5 21. Bh6 Bxh6 22. Qxh6 Bd7 23. a4 Qb8 24. f4 exf4 25. gxf4 Bxb5 26. axb5
Rxb5 27. Rxb5 Qxb5 28. f5 Qe5 29. Rf1 gxf5 30. Qh5 Qf6 31. exf5 Nc8 32. Bd5
Rf8 33. h4 Ne7 34. Be4 h6 35. Rg1+ Kh7 36. Kh2 Rg8 37. Rxg8 Nxg8 38. Kh3
Kg7 39. Qg4+ Kf8 40. Qf4 Qb6 41. Bd5 Qf6 42. Qb8+ Kg7 43. Qg3+ Kh8 44. Be4
Ne7 45. Qc7 Kg7 46. Qg3+ Kh7 47. Qc7 Nd5 48. Qg3 Nc3 49. Qf4 Nb5 50. Kg2
Nd6 51. Kf3 Kg8 52. Ke2 Kf8 53. Kd1 Ke7 54. Kc2 Nb5 55. Kb3 Kd7 56. Kc4 Qb6
57. f6 Na3+ 58. Kd5 Qc6+ 59. Ke5 Qd6+ 0-1

[Event "38th Olympiad"]
[Site "Dresden GER"]
[Date "2008.11.22"]
[Round "9"]
[White "Barrientos,S"]
[Black "Isaev,J"]
[Result "1/2-1/2"]
[WhiteElo "2450"]
[BlackElo "2400"]
[EventDate "2008.11.13"]

1. e4 c5 2. Nf3 Nc6 3. d4 cxd4 4. Nxd4 Nf6 5. Nc3 e5 6. Ndb5 d6 7. Bg5 a6
8. Na3 b5 9. Nd5 Be7 10. Bxf6 Bxf6 11. c4 Nd4 12. cxb5 O-O 13. b6 Bb7 14.
Bc4 Rc8 15. O-O Bxd5 16. Bxd5 Qxb6 17. Nc4 Qc5 18. Rc1 Rc7 19. Rc3 Nb5 20.
Rh3 g6 21. Qd2 Bg7 22. Kh1 Rb8 23. f4 Nd4 24. b3 Rf8 25. Qf2 Ne6 26. Qh4 h6
27. f5 Nf4 28. f6 g5 29. Qg4 Bxf6 30. Rxh6 Kg7 31. Rxf6 Kxf6 32. g3 Ke7 33.
Qxg5+ f6 34. Qg7+ Ke8 35. Qg4 f5 36. Qd1 Nxd5 37. exd5 Rh7 38. Qf3 Ke7 39.
Re1 Rfh8 40. Re2 Qd4 41. Ne3 Qa1+ 42. Nf1 Rh5 43. Kg2 Qd4 44. Rc2 e4 45.
Qc3 Qxc3 46. Rxc3 Kf6 47. Rc6 Ke5 48. Rxa6 Kxd5 49. h4 f4 50. gxf4 Rxh4 51.
Ne3+ Ke6 52. Nc4 Rh2+ 53. Kg3 R2h3+ 54. Kg4 Rd3 55. f5+ Kd7 56. Ra7+ Kc6
57. Re7 Kd5 58. Re6 Rg8+ 59. Rg6 Rxg6+ 60. fxg6 Ke6 61. g7 Kf7 62. Kf4 Rd4
63. a4 d5 64. Nd6+ Kg8 65. Nf5 Rd3 66. a5 Rf3+ 67. Ke5 e3 68. Nxe3 Rxe3+
69. Kxd5 Rxb3 70. Ke4 1/2-1/2

[Event "38th Olympiad"]
[Site "Dresden GER"]
[Date "2008.11.22"]
[Round "9"]
[White "Clavijo,J"]
[Black "Khamdamov,S"]
[Result "1-0"]
[WhiteElo "2358"]
[BlackElo "2219"]
[EventDate "2008.11.13"]

1. d4 d6 2. Nf3 g6 3. c4 Bg7 4. Nc3 Bg4 5. e3 Nc6 6. Be2 e5 7. d5 Nce7 8.
O-O Bxf3 9. Bxf3 f5 10. e4 Nf6 11. b4 O-O 12. Bb2 Qd7 13. Re1 g5 14. exf5
Qxf5 15. Qd2 Ng6 16. Ne4 g4 17. Nxf6+ Rxf6 18. Be4 Qh5 19. g3 Raf8 20. Rf1
Ne7 21. Qe2 Rf3 22. Rad1 R8f6 23. Rd3 Rxd3 24. Bxd3 Rf8 25. Qe4 Qf5 26. Qe2
Qd7 27. Bc1 a6 28. Qe4 Qf5 29. Qe2 Qf3 30. Qc2 Nf5 31. Bb2 Nd4 32. Bxd4
exd4 33. Bxh7+ Kh8 34. Bd3 Re8 35. Rd1 Re7 36. Bf1 b6 37. Qd3 Qxd3 38. Bxd3
Bf6 39. Kf1 Kg7 40. Bf5 b5 41. cxb5 axb5 42. Bxg4 Re8 43. Rd3 Ra8 44. a3
Bg5 45. f4 Bf6 46. Bd7 Rb8 47. h4 Kf7 48. Kg2 Ke7 49. Bc6 Kf7 50. Kh3 Kg6
51. g4 Bg7 52. Bd7 Rf8 53. Kg3 Rb8 54. g5 Kf7 55. Kg4 Ke7 56. Bc6 Kf7 57.
h5 Bh8 58. h6 Ke7 59. Rd1 Kf7 60. Re1 d3 61. Rd1 Ra8 1-0

[Event "38th Olympiad"]
[Site "Dresden GER"]
[Date "2008.11.22"]
[Round "9"]
[White "Sepp,O"]
[Black "Campora,D"]
[Result "1/2-1/2"]
[WhiteElo "2448"]
[BlackElo "2537"]
[EventDate "2008.11.13"]

1. e4 c6 2. d4 d5 3. e5 Bf5 4. Nf3 e6 5. Be2 Nd7 6. O-O Ne7 7. Nh4 Bg6 8.
Nd2 Qb6 9. Nxg6 hxg6 10. Nf3 Nf5 11. c3 Be7 12. Rb1 a6 13. b4 Qc7 14. a4 b5
15. Ra1 Nb6 16. axb5 axb5 17. Rxa8+ Nxa8 18. g4 Nh6 19. h3 Nb6 20. Bd3 Kd7
21. Qe2 Nc4 22. Nd2 Nxd2 23. Bxd2 Kc8 24. Ra1 Bd8 25. Ra8+ Kb7 26. Ra3 Qd7
27. Ra1 Bb6 28. Bg5 Ng8 29. Qf3 Qe8 30. Kg2 Ne7 31. Qe2 Qd7 32. Qf3 Qe8 33.
Qe2 Qd7 34. Qf3 Qe8 35. Qe2 Qd7 36. Qf3 1/2-1/2

[Event "38th Olympiad"]
[Site "Dresden GER"]
[Date "2008.11.22"]
[Round "9"]
[White "Takyrbashev,B"]
[Black "Khamrakulov,D"]
[Result "0-1"]
[WhiteElo "2142"]
[BlackElo "2533"]
[EventDate "2008.11.13"]

1. e4 c6 2. Nc3 d5 3. Nf3 dxe4 4. Nxe4 Nd7 5. Bc4 e6 6. O-O Ngf6 7. Neg5
Nb6 8. Bb3 h6 9. Nh3 c5 10. d3 Bd6 11. Re1 g5 12. Ne5 Bxe5 13. Rxe5 c4 14.
d4 cxb3 15. axb3 Nbd7 16. Re1 Kf8 17. c4 b6 18. Qf3 Rb8 19. Qc3 Qc7 20. f3
a6 21. Be3 Bb7 22. Bf2 Rc8 23. Bg3 Qc6 24. Nf2 Kg8 25. Nd3 b5 26. Ne5 Qb6
27. c5 Qd8 28. c6 Nxe5 29. cxb7 Rxc3 30. Bxe5 Rc7 31. Bxf6 Qb8 0-1

[Event "38th Olympiad"]
[Site "Dresden GER"]
[Date "2008.11.22"]
[Round "9"]
[White "Davletbakov,S"]
[Black "Safin,S"]
[Result "0-1"]
[WhiteElo "2145"]
[BlackElo "2510"]
[EventDate "2008.11.13"]

1. d4 Nf6 2. c4 g6 3. g3 Bg7 4. Bg2 c5 5. Nf3 Qa5+ 6. Nbd2 cxd4 7. Nxd4 Nc6
8. N4f3 O-O 9. O-O d6 10. a3 Qh5 11. h4 a5 12. Qc2 a4 13. Rb1 Qg4 14. Re1
Nd7 15. Nf1 Nc5 16. Ne3 Qe4 17. Qxe4 Nxe4 18. Nd2 Nc5 19. Nd5 Bf5 20. e4
Be6 21. Nf1 Bxd5 22. exd5 Ne5 23. Ne3 Ned3 24. Rd1 f5 25. Bf1 Nxc1 26.
Rdxc1 f4 27. gxf4 Rxf4 28. Ng2 Rf7 29. f4 Bh6 30. h5 Bxf4 31. hxg6 hxg6 32.
Re1 Be5 33. Ne3 Rf3 34. Bg2 Rg3 35. Nf1 Rg4 36. Nd2 Rf8 37. Rf1 Bd4+ 38.
Kh2 Be5+ 39. Kg1 Rf6 40. Nf3 Rf5 41. Rbe1 Bf6 42. Kh2 Rh5+ 43. Bh3 Nd3 44.
Re3 Nf4 45. Ng1 Rg2+ 46. Kh1 Rxg1+ 47. Rxg1 Nxh3 48. Rxg6+ Kf7 49. Rg2 Ng5+
50. Rh2 Rxh2+ 51. Kxh2 Bxb2 52. Kg3 Nh7 53. Re1 Nf6 54. Rb1 Bxa3 55. Ra1
Bc5 56. Rxa4 b5 57. cxb5 Nxd5 58. Ra8 e5 59. Kf3 Ke6 60. Rb8 Nc3 61. b6 Kd7
62. Kg2 Kc6 63. b7 Kc7 64. Rg8 Kxb7 65. Kf1 Kc6 66. Ke1 d5 67. Kd2 d4 68.
Kd3 Kd5 69. Rg5 Na2 70. Rh5 Nb4+ 71. Kd2 Bd6 72. Ke2 Na6 73. Kd2 Nc5 74.
Ke2 Kc4 75. Rh6 Bc7 76. Rh7 Ba5 77. Rh4 e4 78. Rh5 Bc3 79. Rh4 d3+ 80. Kd1
Bd4 81. Kd2 e3+ 82. Kd1 Nb3 83. Re4 Na1 84. Re8 Nc2 85. Rc8+ Kd5 86. Rd8+
Ke4 87. Re8+ Be5 0-1

[Event "38th Olympiad"]
[Site "Dresden GER"]
[Date "2008.11.22"]
[Round "9"]
[White "Ghane,S"]
[Black "Peralta,E"]
[Result "1-0"]
[WhiteElo "2408"]
[BlackElo "2257"]
[EventDate "2008.11.13"]

1. d4 Nf6 2. Nf3 g6 3. c4 Bg7 4. Nc3 O-O 5. e4 d6 6. Be2 c5 7. d5 e5 8. O-O
Nbd7 9. Ne1 Ne8 10. Nd3 f5 11. Bd2 Ndf6 12. exf5 gxf5 13. f4 e4 14. Nf2 Qe7
15. Be3 Kh8 16. Qd2 Rg8 17. Rae1 h5 18. Nh3 Ng4 19. Bxg4 hxg4 20. Ng5 Nf6
21. Qf2 Nh7 22. Qh4 Bf6 23. h3 gxh3 24. Kf2 Rg7 25. gxh3 Bd7 26. Rg1 Rag8
27. Rg2 Rg6 28. Reg1 Bd4 29. Ne2 Bf6 30. b3 a6 31. Kf1 b5 32. Qe1 b4 33. h4
a5 34. a4 R6g7 35. Qd1 Bb2 36. Ng3 Bc3 37. Qh5 Rf8 38. Qd1 Nf6 39. Nh5 Ng4
40. Rxg4 fxg4 41. Nxg7 Qxg7 42. Ne6 Bxe6 43. dxe6 Bd4 44. Rxg4 Bc3 1-0

[Event "38th Olympiad"]
[Site "Dresden GER"]
[Date "2008.11.22"]
[Round "9"]
[White "El Debs,F"]
[Black "Prusikin,M"]
[Result "1-0"]
[WhiteElo "2447"]
[BlackElo "2538"]
[EventDate "2008.11.13"]

1. Nf3 Nf6 2. c4 e6 3. g3 d5 4. Bg2 dxc4 5. Qa4+ Nbd7 6. O-O a6 7. Qxc4 b5
8. Qc6 Rb8 9. d4 Bb7 10. Qc2 c5 11. Bf4 Rc8 12. Nbd2 cxd4 13. Qd3 Be7 14.
Rac1 O-O 15. Nxd4 Rxc1 16. Rxc1 Bxg2 17. Kxg2 Nc5 18. Qe3 Nd5 19. Qf3 Nxf4+
20. Qxf4 Bg5 21. Qe5 Nd7 22. Qd6 Bxd2 23. Rd1 Bg5 24. Nc6 Qa8 25. Qxd7 Rc8
26. Rd6 g6 27. e4 Rf8 28. e5 Bc1 29. f3 Bxb2 30. Qc7 Kg7 31. Rd7 g5 32. Nd8
Kg6 33. Qc2+ Kh6 34. Nxf7+ 1-0

[Event "38th Olympiad"]
[Site "Dresden GER"]
[Date "2008.11.22"]
[Round "9"]
[White "Diamant,A"]
[Black "Jorczik,J"]
[Result "0-1"]
[WhiteElo "2412"]
[BlackElo "2382"]
[EventDate "2008.11.13"]

1. e4 e6 2. d4 d5 3. Nd2 c5 4. Ngf3 cxd4 5. Nxd4 Nc6 6. Bb5 Bd7 7. Nxc6
bxc6 8. Bd3 Qc7 9. Qe2 Ne7 10. Nf3 Ng6 11. e5 Rb8 12. O-O Be7 13. Re1 c5
14. c4 O-O 15. Ng5 Bxg5 16. Bxg5 Qxe5 17. Qxe5 Nxe5 18. Rxe5 f6 19. Bxf6
gxf6 20. Rh5 Be8 21. Rh3 Rxb2 22. Bxh7+ Kg7 23. Bd3 Rh8 24. Re3 Bf7 25. f4
Rhb8 26. Bf1 R8b7 27. g4 Rc2 28. g5 Rbb2 29. h4 d4 30. Rb3 Bh5 31. Ra3 Be2
32. Rb3 Bg4 33. Re1 Rxb3 34. axb3 Rc3 35. Ra1 Kg6 36. Rxa7 fxg5 37. hxg5
Rf3 38. Rc7 d3 39. Rd7 Bf5 40. Rd8 Kf7 41. Rd7+ Ke8 42. Ra7 Rxf4 43. Ra2 e5
44. Ra5 d2 45. Be2 Bg4 46. Ra2 d1=Q+ 47. Bxd1 Bxd1 48. Ra5 Rf5 49. Rxc5
Rxg5+ 50. Kf2 Bxb3 51. Ke3 Kd7 52. Kd2 Kd6 53. Rd5+ Ke6 54. Kc3 Rg3+ 55.
Kb4 Bc2 56. Rd2 Bf5 57. c5 e4 58. c6 Ke5 59. Rd8 Rg1 60. c7 Rc1 61. Re8+
Be6 0-1